| 000 | 00528nam a2200181Ia 4500 | ||
|---|---|---|---|
| 001 | 19326 | ||
| 008 | 171109s2002 ii a g b000 u 465 u | ||
| 082 | _a330 | ||
| 100 | _aBarua, Dilip Kumar. | ||
| 245 | 0 |
_aHigher Secondary Economics: For First Year / _cDilip Kumar Barua & Indira Barua. _hTextual Documents |
|
| 250 | _a6th ed. / | ||
| 260 |
_aGuwahati : _bAssam Book Depot , _c2002. |
||
| 300 |
_aviii,292p. : _bill ; _c23cm . |
||
| 504 | _aBib. | ||
| 653 | _aT/G-Economics | ||
| 700 | _aBarua, Indira . | ||
| 942 |
_2ddc _cBK |
||
| 999 |
_c19308 _d19308 |
||